Taylor Swift - evermore - Statistics

General Stats
  • This quiz has been taken 35 times
  • The average score is 13 of 17
Answer Stats
2020 evermore % Correct
2 champagne problems
87%
1 willow
87%
11 cowboy like me
80%
13 marjorie
80%
8 dorothea
77%
3 gold rush
77%
5 tolerate it
77%
15 evermore (feat. Bon Iver)
73%
4 'tis the damn season
73%
14 closure
70%
10 ivy
70%
12 long story short
70%
16 right where you left me
70%
7 happiness
67%
17 it's time to go
67%
6 no body, no crime (feat. HAIM)
67%
9 coney island (feat. The National)
60%
No matching quizzes found
Score Distribution
Percent of People with Each Score
Percentile by Number Answered
Your Score History
You have not taken this quiz